000
00329nam a22001457a 4500
008
210604b ||||| |||| 00| 0 eng d
020
_a
9780495101611
041
_a
eng
080
_2
11th
_a
341
082
_a
341
100
_a
16
101
_a
JUR
245
_a
Introduction to Criminal Justice
_c
Siegel,L,J
942
_2
udc
_c
BK
999
_c
57959
_d
57959